00968nam a2200193Ia 4500008004100000020001500041041001200056082001600068100002000084245005300104260004500157300000800202650000800210942000700218999001500225952017000240952017000410952019400580221030s9999 xx 000 0 und d a019513477X aEnglish a105.23bSad aM. N. O. Sadiku 0aElements of Electromagneticscby M. N. O. Sadiku bOxford University PressaNew Delhic2003 a765 aEMT cBK c2149d2149 pBE 7315g299.00l0o105.23 Sadr2024-06-13 00:00:00w2022-10-30yBK003Print4070aMIETLIBbMIETLIBcBL-Academic Block C, FL-2, CUP-8, SH-2, R-2d2005-11-0910HBE pBE 7314g299.00l0o105.23 Sadr2024-06-13 00:00:00w2022-10-30yBK003Print4070aMIETLIBbMIETLIBcBL-Academic Block C, FL-2, CUP-8, SH-1, R-1d2005-11-0910HBE pBE 7316g299.00l1o105.23 Sadq2023-04-30r2023-04-19 00:00:00s2023-04-19w2022-10-30yBK003Print4070aMIETLIBbMIETLIBcBL-Academic Block C, FL-2, CUP-8, SH-2, R-2d2004-05-2210HBE